<?xml version="1.0" encoding="UTF-8"?>
<record
    xmlns:xsi="http://www.w3.org/2001/XMLSchema-instance"
    xsi:schemaLocation="http://www.loc.gov/MARC21/slim http://www.loc.gov/standards/marcxml/schema/MARC21slim.xsd"
    xmlns="http://www.loc.gov/MARC21/slim">

  <leader>00696cam a2200133Ia 4500</leader>
  <datafield tag="040" ind1=" " ind2=" ">
    <subfield code="c">ICX</subfield>
  </datafield>
  <datafield tag="082" ind1=" " ind2=" ">
    <subfield code="a">513 LAK 1993 A111 Or.</subfield>
  </datafield>
  <datafield tag="245" ind1="0" ind2="0">
    <subfield code="a">Mathematics :</subfield>
    <subfield code="b">applications and connections.</subfield>
  </datafield>
  <datafield tag="260" ind1=" " ind2=" ">
    <subfield code="a">Lake Forest, IL :</subfield>
    <subfield code="b">Glencoe,</subfield>
    <subfield code="c">1993.</subfield>
  </datafield>
  <datafield tag="300" ind1=" " ind2=" ">
    <subfield code="a">15 items in box 21 x 30 x 29 cm.</subfield>
  </datafield>
  <datafield tag="500" ind1=" " ind2=" ">
    <subfield code="a">Teacher's wraparound ed., Transparency sampler, Practice masters, Multicultural activity masters, Application and interdisciplinary activity masters, Study guide masters, Enrichment masters, Evaluation masters, Lab manual, Lesson plans, Alternate assessment, Cooperative learning, Solutions manual, Technology masters, Teacher's guide for software resources.</subfield>
  </datafield>
  <datafield tag="650" ind1=" " ind2="0">
    <subfield code="a">Mathematics</subfield>
  </datafield>
  <datafield tag="942" ind1=" " ind2=" ">
    <subfield code="c">EK</subfield>
  </datafield>
  <datafield tag="999" ind1=" " ind2=" ">
    <subfield code="c">16789</subfield>
    <subfield code="d">16789</subfield>
  </datafield>
  <datafield tag="952" ind1=" " ind2=" ">
    <subfield code="0">0</subfield>
    <subfield code="1">0</subfield>
    <subfield code="4">0</subfield>
    <subfield code="6">513_000000000000000_LAK_1993_A106_OR</subfield>
    <subfield code="7">0</subfield>
    <subfield code="9">71791</subfield>
    <subfield code="a">LBA</subfield>
    <subfield code="b">LBA</subfield>
    <subfield code="c">A106</subfield>
    <subfield code="d">2018-04-27</subfield>
    <subfield code="o">513 LAK 1993 A106 Or.</subfield>
    <subfield code="p">A13615</subfield>
    <subfield code="r">2018-04-27</subfield>
    <subfield code="y">EK</subfield>
  </datafield>
</record>
